| 000 | 00694cam a2200205 a 4500 | ||
|---|---|---|---|
| 001 | 000013004 | ||
| 005 | 20240411201132.0 | ||
| 008 | 850510s1945 ag 000 0 spa | ||
| 040 |
_aDO-SdBNP _bspa _cLC _dBNPHU |
||
| 082 |
_a345.0253 _bF679d |
||
| 100 | 1 |
_aFontán Balestra, Carlos. _929983 |
|
| 245 | 1 | 0 |
_aDelitos sexuales : _bestudio juridico, medico-legal y crimnológico / _cCarlos Fontán Belestra. |
| 260 |
_aBuenos Aires : _bDepalma, _c1945. |
||
| 300 |
_axiv, 342 p. ; _c23 cm. |
||
| 650 | 4 |
_aDelitos sexuales _zArgentina. _929984 |
|
| 650 | 4 |
_aVictimas de abuso sexual _929985 |
|
| 650 | 0 |
_aDerecho penal _917405 |
|
| 910 | _aCatalogación por copia / LC | ||
| 999 |
_a1 _n0000090 _c12651 _d12651 |
||
| 049 | _aBNGR | ||